[Event "Olympiad Women 2024"]
[Site "Budapest HUN"]
[Date "2024.09.22"]
[Round "11.47"]
[Board "4"]
[White "Mashabova, Shukrona"]
[Black "Hasnaoui, Abrar"]
[Result "1-0"]
[WhiteElo "1711"]
[BlackElo "1595"]
[PlyCount "129"]
[EventDate "2024.09.11"]
[WhiteTeam "Tajikistan"]
[BlackTeam "Tunisia"]
[WhiteTeamCountry "TJK"]
[BlackTeamCountry "TUN"]

1. e4 c5 2. Nf3 Nc6 3. d4 cxd4 4. Nxd4 g6 5. Be3 Bg7 6. Nc3 d6 7. Be2 Nf6 8. O-O O-O 9. Nb3 e6 10. Qd2 d5 11. exd5 Nxd5 12. Nxd5 Qxd5 13. Qxd5 $146 ({RR} 13. c3 Qxd2 14. Bxd2 Ne7 15. Bf3 Rb8 16. Rad1 b6 17. Be3 Bb7 18. Rd7 Bxf3 19. Rxe7 Rb7 20. Rxb7 Bxb7 21. Rd1 Bd5 22. Nc1 Bf6 23. f3 Rb8 24. Bd4 Kg7 25. b3 Bxd4+ 26. Rxd4 b5 27. Nd3 Rc8 {0-1 Pinillo Canon,S (1785)-Bernal Parra,E (1400) COL-ch U20 Duitama 2021 (1)}) 13... exd5 14. c3 Ne5 15. Rad1 Nc4 16. Bc1 Be6 17. Nd4 Rac8 18. Rfe1 Bxd4 19. Rxd4 Kg7 20. h4 h5 21. Bf3 Rfd8 22. Red1 Nb6 23. Bf4 Rc4 24. Rxc4 Nxc4 25. b3 Nb6 26. c4 Rd7 27. c5 Nc8 28. g3 Ne7 29. a3 Bg4 30. Bxg4 hxg4 31. b4 d4 32. Be5+ f6 33. Rxd4 Rxd4 34. Bxd4 Kf7 35. Kf1 Ke6 36. Ke2 f5 37. Kd3 Kd5 38. a4 Nc6 39. Bc3 Ne7 40. Bb2 a6 41. b5 axb5 42. axb5 Nc8 43. Bd4 Ne7 44. Be3 Nc8 45. Kc3 Ne7 46. Kb4 Nc8 47. Ka5 Kc4 48. c6 bxc6 49. b6 Nd6 50. Ka6 Kd5 51. b7 Nxb7 52. Kxb7 c5 53. Kb6 c4 54. Kb5 c3 55. Kb4 c2 56. Kb3 c1=Q 57. Bxc1 Ke4 58. Kc3 Kf3 59. Be3 f4 60. Bxf4 Kxf2 61. Kd4 Kf3 62. Ke5 Kg2 63. Kf6 Kf3 64. Kxg6 Ke4 65. h5 1-0

[Event "Olympiad Women 2024"]
[Site "Budapest HUN"]
[Date "2024.09.22"]
[Round "11.48"]
[Board "1"]
[White "Castillo Pena, Patricia Evarista"]
[Black "Chen, Chi"]
[Result "1-0"]
[WhiteElo "1928"]
[BlackElo "1746"]
[PlyCount "119"]
[EventDate "2024.09.11"]
[WhiteTeam "Dominican Republic"]
[BlackTeam "Chinese Taipei"]
[WhiteTeamCountry "DOM"]

1. d4 Nf6 2. Nf3 d5 3. e3 c5 4. Bd3 Nc6 5. Nbd2 Bg4 6. c3 e6 7. Qa4 Nd7 ({RR} 7... Bxf3 8. Nxf3 Qc7 9. O-O Bd6 10. dxc5 Bxc5 11. b4 Bd6 12. b5 Qa5 13. Qb3 Ne5 14. Nxe5 Bxe5 15. Ba3 Qxc3 16. Qxc3 Bxc3 17. Rac1 Ba5 18. b6 Bxb6 19. Bb5+ Kd8 20. Rc2 Rc8 21. Rfc1 Rxc2 22. Rxc2 {0-1 Holand,P (2068)-Vijayakumar,R (2156) Fagernes GM Open 2024 (7.39)}) 8. Bb5 Bxf3 $146 ({RR} 8... Qc7 9. dxc5 Bxf3 10. Nxf3 Nxc5 11. Qg4 a6 12. Be2 g6 13. b3 Bg7 14. Bb2 Ne4 15. Nd4 Nxd4 16. exd4 Bxd4 17. cxd4 Qc2 18. O-O Qxb2 19. Rac1 O-O 20. Rc7 Rac8 {0-1 Meyer,P (2060)-Stojanovic,M (2535) Zuerich op-A 32nd 2008 (2)}) ({RR} 8... Qc7 9. Ne5 Ndxe5 10. dxe5 Bh5 11. O-O Be7 12. e4 O-O 13. exd5 exd5 14. Bxc6 Qxc6 15. Qxc6 bxc6 16. Nb3 a5 17. Be3 c4 18. Nd4 Ra6 19. Nf5 Re8 20. Rfe1 Bf8 21. f3 Bg6 22. Nd6 Rxe5 23. Bc5 {1-0 Nagy,G (2527)-Grinev,V (2425) Titled Tuesday intern op 28th Dec blitz 2021 (5)}) ({RR} 8... Qc7 9. dxc5 Bxf3 10. Nxf3 Nxc5 11. Qd1 a6 12. Be2 Be7 13. O-O g5 14. b4 Ne4 15. Bb2 g4 16. Nd2 Nxd2 17. Qxd2 h5 18. b5 Ne5 19. c4 Rg8 20. Bxe5 Qxe5 21. cxd5 exd5 22. Rfd1 Bd6 23. g3 {½-½ Brandao,M (2048)-Abreu Santos,E (2160) Juazeiro op Juazeiro do Norte 2011 (3)}) ({RR} 8... Qc7 9. dxc5 Bxf3 10. Nxf3 Nxc5 11. Qc2 g6 12. O-O Bg7 13. Rd1 O-O 14. Bd2 a6 15. Bf1 b5 16. Be1 Rfc8 17. Rac1 Rab8 18. Nd4 Ne5 19. b3 Ng4 20. g3 e5 21. Qe2 h5 22. Nc2 Rd8 23. Nb4 {½-½ Apsenieks,F-Alekhine,A Kemeri International-01 1937 (2)}) 9. Nxf3 Qc7 10. O-O Bd6 11. Re1 O-O 12. Bd2 a6 13. Bxc6 bxc6 14. Rac1 f5 15. Qc2 Nf6 16. c4 Ne4 17. dxc5 Nxd2 18. Qxd2 Bxc5 19. cxd5 Qe7 20. Qc2 Bb4 21. d6 Bxd6 22. Qxc6 Ra7 23. Red1 Bb8 24. Nd4 Kf7 25. Qc4 Qd6 26. g3 Rc7 27. Qb3 Rxc1 28. Rxc1 Qd5 29. Qxd5 exd5 30. Nxf5 Be5 31. b3 Ra8 32. Rc5 Ke6 33. Nd4+ Bxd4 34. exd4 Kd6 35. b4 Rb8 36. a3 h6 37. Ra5 Rb6 38. Rc5 Rb8 39. h4 g6 40. Kg2 Rb6 41. Kh3 h5 42. g4 Ke6 43. Kg3 Rd6 44. f3 Kf6 45. Kf4 hxg4 46. fxg4 Ke6 47. Kg5 Kd7 48. a4 Kd8 49. b5 axb5 50. axb5 Ke7 51. Rc6 Rd7 52. b6 Kd8 53. Kxg6 Rb7 54. h5 Re7 55. h6 Re4 56. g5 Kd7 57. Rf6 Re8 58. Kg7 Re4 59. h7 Rg4 60. g6 1-0

[Event "Olympiad Women 2024"]
[Site "Budapest HUN"]
[Date "2024.09.22"]
[Round "11.48"]
[Board "2"]
[White "Shih, Ching-An"]
[Black "Diaz Cesar, Wilsaida Pieranlly"]
[Result "1/2-1/2"]
[WhiteElo "1734"]
[BlackElo "1900"]
[PlyCount "75"]
[EventDate "2024.09.11"]
[WhiteTeam "Chinese Taipei"]
[BlackTeam "Dominican Republic"]
[BlackTeamCountry "DOM"]

1. f4 d5 2. Nf3 c5 3. e3 Nf6 4. b3 g6 5. Bb2 Bg7 6. Be2 O-O 7. O-O Nc6 8. Ne5 Qc7 9. Nxc6 Qxc6 10. Bf3 Qd7 11. Qe1 ({RR} 11. Be5 b6 12. d3 Bb7 13. Nd2 Rfd8 14. a4 Ne8 15. a5 f6 16. Bb2 Nd6 17. Qe2 e6 18. g3 Re8 19. Bg2 e5 20. fxe5 fxe5 21. e4 d4 22. h4 Rf8 23. Nf3 Qe7 24. Bc1 Nf7 25. Bd2 Rae8 {½-½ Jobava,B (2617)-Arutinian,D (2551) Tbilisi Maia Cup rapid 2019 (4)}) ({RR} 11. d3 b6 12. Nd2 Bb7 13. Qe2 Rad8 14. Rfe1 Ne8 15. Bxg7 Nxg7 16. g3 Qc7 17. Qg2 e5 18. c4 Qd6 19. Rad1 Ba8 20. cxd5 Bxd5 21. Nc4 Bxc4 22. dxc4 Qe7 23. Bd5 Rfe8 24. Qf2 exf4 25. Qxf4 Nh5 {½-½ Musso,A (2176)-Saraci,N (2466) 21st Spilimbergo Open 2023 (3.19)}) 11... b5 $146 ({RR} 11... b6 12. Qh4 Ne4 13. Bxg7 Kxg7 14. d3 Nf6 15. Nd2 Bb7 16. g4 h5 17. g5 Ng4 18. Rae1 d4 19. Bxg4 Qxg4+ 20. Qxg4 hxg4 21. e4 Rh8 22. Re2 Rh4 23. Rg2 b5 24. Rg3 Rah8 25. Rf2 R8h5 26. Rfg2 {0-1 Kildal,H (1954)-Baumgart,M (1933) GER-chT Seniors 08th 1999 (6.4)}) ({RR} 11... b6 12. Nc3 Bb7 13. Ne2 Rad8 14. Rd1 Qc8 15. Ba1 Ba6 16. Qh4 d4 17. d3 dxe3 18. Bb2 Bb7 19. Bxb7 Qxb7 20. Rf3 Nd5 21. Bxg7 Kxg7 22. c4 Nf6 23. Rxe3 a6 24. d4 Rd7 25. Red3 Rfd8 {½-½ Mikac,T (2215)-Gmajner,I (1955) Ljubljana op 7th 1996 (5)}) 12. d3 Bb7 13. Nd2 Rac8 14. a4 b4 15. Be5 Rfd8 16. Rd1 Bf8 17. Qh4 Bg7 18. g4 Ba8 19. g5 Ne8 20. Bg4 e6 21. Bxg7 Nxg7 22. Nf3 Qe7 23. Ne5 h5 24. Bh3 Nf5 25. Qf2 d4 26. Bxf5 dxe3 27. Qxe3 exf5 28. Rde1 Qb7 29. Qf3 Qc7 30. Qf2 Re8 31. h4 Qd6 32. Nc4 Qd5 33. Kh2 Rcd8 34. Re5 Rxe5 35. Nxe5 Kg7 36. Nc4 Re8 37. Ne5 Rd8 38. Nc4 1/2-1/2

[Event "Olympiad Women 2024"]
[Site "Budapest HUN"]
[Date "2024.09.22"]
[Round "11.48"]
[Board "3"]
[White "Almanzar Vasquez, Jeniffer Maria"]
[Black "Chen, I-Chen"]
[Result "1-0"]
[WhiteElo "1876"]
[BlackElo "1771"]
[PlyCount "67"]
[EventDate "2024.09.11"]
[WhiteTeam "Dominican Republic"]
[BlackTeam "Chinese Taipei"]
[WhiteTeamCountry "DOM"]

1. Nf3 Nf6 2. d4 e6 3. g3 b6 4. Bg2 Bb7 5. O-O Be7 6. c4 d5 7. Nbd2 O-O 8. Qc2 Nbd7 9. b3 ({RR} 9. a3 c5 10. cxd5 Bxd5 11. e4 Bb7 12. e5 Nd5 13. Ne4 cxd4 14. Rd1 Rc8 15. Qe2 Qc7 16. Neg5 h6 17. Nxe6 fxe6 18. Nxd4 Qxe5 19. Qxe5 Nxe5 20. Nxe6 Nf3+ 21. Kh1 Rf6 22. Nf4 Nxf4 23. Bxf4 Bc6 {½-½ Longueira Lateana,M (1864)-Viader Dominguez,J (1667) IV Llinars Int Open 2024 (6.34)}) 9... Rc8 10. Bb2 c5 11. dxc5 dxc4 $146 ({RR} 11... Bxc5 12. Rac1 b5 13. Qb1 bxc4 14. bxc4 Qb6 15. Qa1 Rb8 16. Ne5 Nxe5 17. Bxe5 Be7 18. Bxb8 Rxb8 19. cxd5 Nxd5 20. Nc4 Qa6 21. Qe5 Rc8 22. Bxd5 Bxd5 23. Ne3 Bxa2 24. Rxc8+ Qxc8 25. Qa5 Bd5 26. Nxd5 {1-0 Walseth,T-Johansen,A Klubbmesterskap 1998}) 12. bxc4 Nxc5 13. Rfd1 Qe8 14. Ng5 g6 15. Bxb7 Nxb7 16. Nde4 Nd5 17. Qd3 Bxg5 18. cxd5 Nc5 19. Qc3 f6 20. Nd6 Na4 21. Qa3 Qd8 22. Nxc8 Nxb2 23. Ne7+ Kg7 24. Nc6 Qc7 25. Qxb2 exd5 26. Nb4 Kh8 27. Nxd5 Qf7 28. f4 Bh6 29. Rac1 Bg7 30. Rc7 Qg8 31. Qb3 Qe6 32. Ne3 Qe4 33. Rdd7 Rg8 34. Rxg7 1-0

[Event "Olympiad Women 2024"]
[Site "Budapest HUN"]
[Date "2024.09.22"]
[Round "11.48"]
[Board "4"]
[White "Tsai, Sophie Yi-Hsuan"]
[Black "Ramirez Luzon, Franchesca"]
[Result "1-0"]
[WhiteElo "1668"]
[BlackElo "1820"]
[PlyCount "115"]
[EventDate "2024.09.11"]
[WhiteTeam "Chinese Taipei"]
[BlackTeam "Dominican Republic"]
[BlackTeamCountry "DOM"]

1. e4 c5 2. Nf3 g6 3. d4 cxd4 4. Nxd4 Nf6 5. Nc3 d6 6. Be2 Bg7 7. Be3 a6 8. f3 b5 ({RR} 8... O-O 9. Qd2 b5 10. a4 b4 11. Na2 e5 12. Nb3 a5 13. Rd1 Qc7 14. c4 Rd8 15. O-O Na6 16. Rf2 Bb7 17. Na1 Nc5 18. b3 Nfxe4 19. fxe4 Nxe4 20. Qe1 d5 21. cxd5 Nxf2 22. Qxf2 Rxd5 23. Rc1 {0-1 Anisimov,P (2519)-Najer,E (2665) RUS-chT 17th 2010 (7)}) ({RR} 8... O-O 9. Qd2 b5 10. a4 b4 11. Na2 a5 12. c3 e5 13. Nb5 d5 14. cxb4 d4 15. Bg5 h6 16. Bh4 Nxe4 17. Bxd8 Nxd2 18. Kxd2 Rxd8 19. bxa5 Rxa5 20. Nb4 Bf8 21. Nd3 Nc6 22. Rhc1 Bd7 23. Rc4 {1-0 Alekseenko,K (2650)-Dinu,D (2190) Titled Tue 9th Jan Early 2024 (1)}) 9. a3 Bb7 10. Qd2 Nbd7 11. g4 $146 ({RR} 11. Nb3 Ne5 12. Rd1 Nc4 13. Bxc4 bxc4 14. Nd4 O-O 15. O-O Rb8 16. b4 cxb3 17. cxb3 Qa5 18. Qb2 Rfc8 19. b4 Qe5 20. g4 Nxg4 21. fxg4 Rxc3 22. Qxc3 Qxe4 23. Kf2 Rc8 24. Qd3 Qxg4 25. Qe2 Qh4+ {1-0 Mizik,Z (2047)-Nagy,S (2150) HUN-chT2 Barcza 0607 2006 (4)}) ({RR} 11. O-O O-O 12. Nd1 d5 13. exd5 Nxd5 14. Bf2 Qc7 15. c3 Rad8 16. Ne3 Nf4 17. Bg3 Nf6 18. Qe1 N6h5 19. Rd1 e5 20. Bxf4 Nxf4 21. Ndc2 Rxd1 22. Nxd1 Rd8 23. Nde3 Bf8 24. g3 Bc5 25. Kh1 Ne6 {0-1 Fuente San Sebastian,E (1897)-Alvarez Pedraza,A (2486) San Sebastian op 33rd 2010 (1)}) ({RR} 11. Rd1 Rc8 12. O-O O-O 13. Na2 d5 14. exd5 Nxd5 15. Bf2 Qc7 16. c3 Rfd8 17. Nb4 N7b6 18. Qc1 Nf4 19. Rfe1 Nxe2+ 20. Nxe2 Nc4 21. Nd3 Rd5 22. Ndf4 Rf5 23. Nd3 Rh5 24. Ng3 Bh6 25. Qb1 Rd5 {0-1 Binar,M (1904)-Duman,A (2220) TUR-ch Kemer 2012 (2)}) 11... Nb6 12. Bh6 O-O 13. Rg1 e5 14. Nf5 gxf5 15. gxf5 Ne8 16. O-O-O Kh8 17. Bxg7+ Nxg7 18. Qh6 Rg8 19. Rg3 Nxf5 20. exf5 Rxg3 21. hxg3 f6 22. Ne4 Nd5 23. Rh1 Qe7 24. Nxd6 Bc6 25. Qg6 Rf8 26. Ne4 Rg8 27. Qh6 Qg7 28. Qh2 Qa7 29. Qh6 Qg7 30. Qh2 Rf8 31. Kb1 Ne3 32. Nc5 Rc8 33. Ne6 Qe7 34. Bd3 Bxf3 35. Re1 Ng2 36. Rc1 e4 37. Be2 Ne3 38. Bxf3 exf3 39. Nf4 Qc7 40. Ne6 Qd7 41. Qh6 Ng4 42. Qf4 Ne5 43. Qh4 Qf7 44. g4 Rc4 45. Rd1 Rxg4 46. Rd8+ Rg8 47. Rxg8+ Kxg8 48. Qd4 Qd7 49. Qc5 h5 50. Qf8+ Kh7 51. Qxf6 Ng4 52. Qg6+ Kh8 53. Qxh5+ Qh7 54. Qxg4 Qh1+ 55. Ka2 Qg2 56. Qh5+ Kg8 57. Ng5 Kg7 58. Qg6+ 1-0

[Event "Olympiad Women 2024"]
[Site "Budapest HUN"]
[Date "2024.09.22"]
[Round "11.49"]
[Board "1"]
[White "Castillo Beitia, Ashley Alexandra"]
[Black "Sokolova, Larisa"]
[Result "1-0"]
[WhiteElo "2071"]
[BlackElo "1705"]
[PlyCount "143"]
[EventDate "2024.09.11"]
[WhiteTeam "Panama"]
[BlackTeam "Cyprus"]
[WhiteTeamCountry "PAN"]
[BlackTeamCountry "CYP"]

1. d4 d5 2. Bf4 Nf6 3. e3 c5 4. c3 cxd4 5. exd4 Bf5 6. Qb3 ({RR} 6. Nd2 Nc6 7. Ngf3 e6 8. Bb5 Bd6 9. Ne5 Bxe5 10. Bxe5 O-O 11. Bg3 Qb6 12. Bxc6 Qxc6 13. O-O Ne4 14. Nf3 Nxg3 15. hxg3 Rac8 16. Qe2 Qc4 17. Qxc4 Rxc4 18. Ne5 Rc7 19. a4 f6 20. Nf3 Rfc8 {1-0 Li,Y (1581)-Zhang,J (1476) Chinese Youth G20 2024 (4.7)}) 6... Qc8 7. Be2 $146 ({RR} 7. Nd2 Nc6 8. Ngf3 e6 9. h3 h6 10. Be2 Be7 11. O-O O-O 12. Rfe1 Bd8 13. a4 Bc7 {½-½ Grachev,B (2666)-Motylev,A (2648) RUS-ch rapid 2015 (8)}) ({RR} 7. Nf3 Nc6 8. Nbd2 e6 9. Nh4 Bg6 10. h3 Be7 11. Nxg6 hxg6 12. Bd3 a6 13. Qd1 b5 14. a3 Qd7 15. Nf3 Bd6 16. Ne5 Qc7 17. Qe2 Bxe5 18. Bxe5 Nxe5 19. Qxe5 Qxe5+ 20. dxe5 Nd7 21. f4 Ke7 {½-½ Bacquele,F (1964)-Jakob,T (2004) AUT-chT2W 1516 2015 (10.6)}) ({RR} 7. Nf3 Nc6 8. Ne5 a6 9. Nd2 e6 10. Ndf3 Be7 11. Be2 O-O 12. h3 Nd7 13. O-O f6 14. Nxc6 bxc6 15. Nh4 Bxh3 16. gxh3 g5 17. Bh5 gxf4 18. Rae1 f5 19. Ng2 Nf6 20. Bf3 Bd6 21. Re2 Ra7 {0-1 Phillips,D (1836)-Girdlestone,P (2008) BCF-chT2a 1920 (4NCL) 2020 (4.47)}) 7... e6 8. Nf3 Be7 9. Nbd2 O-O 10. O-O Ne4 11. Rfe1 Nxd2 12. Nxd2 Nc6 13. Rac1 Qd7 14. Nf3 Rfc8 15. Qd1 Bd6 16. Bg3 Bxg3 17. hxg3 a6 18. Bd3 Bxd3 19. Qxd3 h6 20. g4 Qd8 21. g3 b5 22. Kg2 g6 23. Rh1 Kg7 24. Rh2 Qf6 25. Rch1 Rh8 26. Rxh6 Rxh6 27. Rxh6 Rh8 28. Rxh8 Kxh8 29. a4 Na7 30. Ne5 Kg7 31. Nd7 Qe7 32. Nc5 e5 33. Qe3 e4 34. Nxa6 bxa4 35. Nb4 Qe6 36. Qg5 Nb5 37. Qxd5 Qxd5 38. Nxd5 a3 39. bxa3 Nxa3 40. Kf1 Nc4 41. Ke2 f5 42. Ne3 Nd6 43. gxf5 gxf5 44. g4 fxg4 45. Nxg4 Kf7 46. Ke3 Ke6 47. Kf4 Nb5 48. Kxe4 Nxc3+ 49. Kd3 Nd5 50. Ne3 Nf6 51. Kc4 Kd6 52. f3 Nd7 53. f4 Ke6 54. d5+ Kd6 55. Nf5+ Kc7 56. Kd4 Nb6 57. Ke5 Kd7 58. Ne3 Ke7 59. d6+ Kf7 60. Kf5 Nd7 61. Nc4 Nc5 62. Ne5+ Ke8 63. Kg6 Ne4 64. d7+ Kd8 65. f5 Ke7 66. Kg7 Nc5 67. f6+ Kd8 68. Kf7 Ne4 69. Ke6 Nc5+ 70. Kd6 Ne4+ 71. Kc6 Nxf6 72. Nf7+ 1-0

[Event "Olympiad Women 2024"]
[Site "Budapest HUN"]
[Date "2024.09.22"]
[Round "11.49"]
[Board "2"]
[White "Paunescu, Aida"]
[Black "Chung Hurtado, Yaleika"]
[Result "0-1"]
[WhiteElo "1603"]
[BlackElo "1832"]
[PlyCount "154"]
[EventDate "2024.09.11"]
[WhiteTeam "Cyprus"]
[BlackTeam "Panama"]
[WhiteTeamCountry "CYP"]
[BlackTeamCountry "PAN"]

1. e4 c6 2. d4 d5 3. exd5 cxd5 4. Bd3 Nc6 5. c3 Nf6 6. Bf4 Bg4 7. Qb3 Qd7 8. Nd2 a6 9. Ngf3 e6 10. O-O Be7 11. Rae1 O-O 12. Ne5 ({RR} 12. h3 Bh5 13. Qc2 Rac8 14. Qb1 Qd8 15. Ne5 Bg6 16. Nxg6 hxg6 17. Bxg6 fxg6 18. Qxg6 Qe8 19. Qxe8 Nxe8 20. g3 Rf6 21. Kg2 Nd6 22. Be5 Rg6 23. f4 Nxe5 24. dxe5 Nf5 25. g4 Bh4 26. Kf3 Bxe1 {0-1 Mahajan,M (1504)-Blanquet,C (2074) FISU World Uni Clas Women 2024 (8.7)}) 12... Nxe5 13. Bxe5 Bh5 14. f4 Bg6 $146 ({RR} 14... Ng4 15. f5 Nxe5 16. Rxe5 Bd6 17. fxe6 fxe6 18. Rxf8+ Rxf8 19. Rxh5 h6 20. Rh3 Qe7 21. Qd1 Qg5 22. Qe2 Kh8 23. Rf3 Rxf3 24. Nxf3 Qc1+ 25. Qf1 Qxb2 26. Ne5 Qb6 27. Ng6+ Kg8 28. Nh4 Qc7 29. Qe2 {½-½ Markoja,S-Hahaianu,R EU-ch U10 Herceg Novi 2006 (4)}) 15. Qc2 Bxd3 16. Qxd3 Ne4 17. Bxg7 Kxg7 18. Nxe4 dxe4 19. Qxe4 Bf6 20. Re3 Qd5 21. Rg3+ Kh8 22. Qc2 Qf5 23. Qxf5 exf5 24. Re3 Rac8 25. Rd1 Rfd8 26. Kf2 Rc6 27. d5 Rc4 28. Kf3 Kg7 29. Rdd3 b5 30. Re2 Rc5 31. Red2 Rd6 32. a3 Kf8 33. g3 Ke8 34. Ke2 a5 35. Kd1 Kd7 36. Kc2 b4 37. axb4 axb4 38. Kb3 bxc3 39. bxc3 Rb6+ 40. Kc2 Kd6 41. Rd1 Rb7 42. R1d2 Rbc7 43. Kb3 Rxc3+ 44. Rxc3 Rxc3+ 45. Kb4 Rc5 46. Kb3 Rxd5 47. Re2 Kd7 48. Kc4 Rd1 49. Kc5 Be7+ 50. Kc4 Bd6 51. Kc3 Bc7 52. Kc4 Rd6 53. Kc5 Bb6+ 54. Kc4 f6 55. Kb5 Bd8 56. Kc5 Be7 57. Kc4 Rd1 58. Kc3 Ke8 59. Kc2 Rd5 60. Kc3 Kf7 61. Kc4 Rd1 62. Kc3 h5 63. h4 Rf1 64. Re3 Rf2 65. Kc4 Ra2 66. Kd5 Ra3 67. Rxa3 Bxa3 68. Kc4 Ke6 69. Kd4 Bb4 70. Ke3 Kd5 71. Kf3 Kd4 72. Ke2 Ke4 73. Kf2 Bc5+ 74. Kg2 Ke3 75. Kg1 Kf3+ 76. Kh2 Bf2 77. Kh3 Be1 0-1

[Event "Olympiad Women 2024"]
[Site "Budapest HUN"]
[Date "2024.09.22"]
[Round "11.49"]
[Board "3"]
[White "Vasquez Jaen, Lourdes Lorena"]
[Black "Pica, Eleni"]
[Result "1-0"]
[WhiteElo "1821"]
[BlackElo "1609"]
[PlyCount "111"]
[EventDate "2024.09.11"]
[WhiteTeam "Panama"]
[BlackTeam "Cyprus"]
[WhiteTeamCountry "PAN"]
[BlackTeamCountry "CYP"]

1. e4 c5 2. Nf3 g6 3. d4 cxd4 4. Qxd4 Nf6 5. e5 Nc6 6. Qa4 Nd5 7. Qe4 Nb6 8. Nc3 d5 9. exd6 Bf5 10. Qh4 Qxd6 11. Bf4 ({RR} 11. Nb5 Qd7 12. Bf4 Rc8 13. c3 Bg7 14. Be2 h6 15. Rd1 Qe6 16. Nc7+ Rxc7 17. Bxc7 g5 18. Qb4 Nd5 19. Qxb7 Nxc7 20. Qxc7 O-O 21. Nd4 Nxd4 22. cxd4 Rc8 23. Qg3 Rc2 24. Qe3 Rxb2 25. a3 Ra2 {½-½ Nedev,T (2492)-Guseinov,G (2616) EU-ch 13th Plovdiv 2012 (10)}) ({RR} 11. Be3 Bg7 12. Nb5 Qb8 13. Bf4 e5 14. Bh6 Bxh6 15. Qxh6 a6 16. Qg7 Ke7 17. Nc3 Qf8 18. Qxf8+ Rhxf8 19. O-O-O Rfd8 20. Bd3 Bxd3 21. cxd3 f5 22. h3 Nd5 23. g4 Nf4 24. gxf5 gxf5 25. d4 e4 {0-1 Suyarov,M (2405)-Sindarov,J (2684) ch-UZB 2024 Tashkent UZB (15.3)}) 11... Qe6+ $146 ({RR} 11... Qb4 12. O-O-O Na4 13. Nxa4 Qxa4 14. Ne1 Qxa2 15. Nd3 Bg7 16. c3 Bxc3 17. bxc3 Nd4 {0-1 Kothari,J (1767)-Krzyzanowski,P (2092) 30th 4NCL Congress 2023 (5.18)}) ({RR} 11... Qb4 12. O-O-O Na4 13. Nxa4 Qxa4 14. Bd3 Qxa2 15. Bxf5 gxf5 16. c3 Rc8 17. Be5 Rg8 18. h3 Rg6 19. Rhe1 Bh6+ 20. Nd2 Bg5 21. Qxh7 Qa1+ 22. Kc2 Nb4+ 23. Kb3 Qa2+ {0-1 Kulovana,E (2208)-Kanakova,N (2201) CZE-ch (Women) 2019 (1)}) ({RR} 11... e5 12. Bg3 Qb4 13. Qxb4 Nxb4 14. Bb5+ Nd7 15. O-O-O f6 16. a3 Nc6 17. Rhe1 O-O-O 18. Nh4 Bh6+ 19. Kb1 Nd4 20. Nxf5 gxf5 21. f4 exf4 22. Bf2 Nxb5 23. Nxb5 Ne5 24. Nxa7+ Kb8 25. Nb5 Bg7 26. Ba7+ {1-0 Khripachenko,A (2166)-Broca Jimenez,F (2075) Titled Tuesday intern op 07th Jun Early blitz 2022 (1)}) 12. Be2 Bg7 13. Nb5 O-O-O 14. Be3 Bxc2 15. Rc1 Bd3 16. Qg3 Bxb5 17. Bxb5 Qd6 18. Qh3+ e6 19. O-O Kb8 20. Bxc6 bxc6 21. Ng5 Qe7 22. Qf3 f6 23. Rxc6 fxg5 24. Bxb6 Qb7 25. Bxd8 Rxd8 26. Rfc1 Be5 27. Rxe6 Qxf3 28. gxf3 Bf4 29. Rc2 Rd1+ 30. Kg2 Rd7 31. Rce2 Bd6 32. Rd2 Kc7 33. Rd5 Bf4 34. Rxd7+ Kxd7 35. Rf6 Ke7 36. Ra6 Bb8 37. Ra5 Kf6 38. Rb5 Be5 39. Rb7 a5 40. b4 axb4 41. Rxb4 Bd6 42. Rb6 Ke5 43. a4 Bc7 44. Rb7 Kd6 45. h3 h5 46. Kf1 Kc6 47. Rb5 Bd8 48. Ke2 g4 49. fxg4 hxg4 50. hxg4 Bh4 51. g5 Kc7 52. a5 Kc6 53. Rb6+ Kc7 54. Rxg6 Kb7 55. f4 Bg3 56. f5 1-0

[Event "Olympiad Women 2024"]
[Site "Budapest HUN"]
[Date "2024.09.22"]
[Round "11.49"]
[Board "4"]
[White "Sokolova, Victoria"]
[Black "Carrillo Marval, Maria Angelica"]
[Result "1/2-1/2"]
[WhiteElo "1682"]
[BlackElo "1795"]
[PlyCount "60"]
[EventDate "2024.09.11"]
[WhiteTeam "Cyprus"]
[BlackTeam "Panama"]
[WhiteTeamCountry "CYP"]
[BlackTeamCountry "PAN"]

1. e4 c5 2. Nf3 d6 3. Bb5+ Nd7 4. O-O a6 5. Bxd7+ Bxd7 6. c4 Nf6 ({RR} 6... b5 7. b3 e5 8. Nc3 g6 9. d3 Bg7 10. Nd5 h6 11. b4 cxb4 12. Be3 Rb8 13. c5 Nf6 14. Nxb4 a5 15. c6 axb4 16. cxd7+ {½-½ Rozentalis,E (2622)-Georgiev,K (2648) Padova op-A 16th 2013 (8)}) 7. Re1 ({RR} 7. Nc3 g6 8. d3 Bg7 9. h3 O-O 10. Nh2 b5 11. f4 Bc6 12. Qe1 Nd7 13. Nf3 e6 14. Rb1 Qe7 15. b3 Rae8 16. Bb2 f5 17. e5 dxe5 18. Nxe5 Nxe5 19. fxe5 Qd7 20. Qe3 Rc8 21. Rbd1 Rfd8 {0-1 Rosmait,E (1812)-Heinemann,J (2296) Frauenbundesliga 2023-24 (5.6)}) 7... h6 $146 ({RR} 7... g6 8. b3 Bg7 9. Bb2 O-O 10. Nc3 e5 11. d3 Nh5 12. Nd5 f5 13. Bc1 h6 14. Rb1 b5 15. Nd2 Nf6 16. Ne3 h5 17. f3 h4 18. Qe2 Nh5 19. Nd5 Be6 20. Nf1 Bxd5 21. cxd5 Qf6 22. h3 {0-1 Polacik,I (2165)-Andreev,E (2458) Senica op 3rd 2011 (3)}) ({RR} 7... e6 8. Nc3 Be7 9. a4 O-O 10. d4 cxd4 11. Nxd4 Qc7 12. b3 Rfd8 13. h3 Be8 14. Bb2 Rac8 15. Rc1 Qb8 16. Re3 Nd7 17. Rg3 Bf6 18. Rc2 Nc5 19. Re2 Be5 20. Rge3 h6 21. g3 Bf6 22. Rd2 {1-0 Campora,D (2426)-Fernandes,J (1948) Lisbon Portugal rapid op 2018 (2)}) ({RR} 7... g6 8. e5 dxe5 9. Nxe5 Bg7 10. Qe2 O-O 11. d3 Be6 12. Nc3 Rc8 13. a4 Nd7 14. Nxd7 Qxd7 15. Be3 Rfd8 16. Red1 Bd4 17. Bxd4 Qxd4 18. h3 Rc7 19. Rd2 Rcd7 20. Rad1 b6 21. Qe3 Qxe3 22. fxe3 {0-1 Lepine,R-Amos,B Olympiad-22 Haifa 1976 (1.4)}) 8. Nc3 e6 9. d4 cxd4 10. Nxd4 Qc7 11. Qe2 e5 12. Nb3 Be7 13. f3 O-O 14. Be3 Rac8 15. Nd5 Nxd5 16. cxd5 Qc2 17. Qd2 Qxd2 18. Bxd2 f5 19. Rac1 Rxc1 20. Rxc1 Rc8 21. Rxc8+ Bxc8 22. Na5 fxe4 23. fxe4 b5 24. Nc6 Kf7 25. Nxe7 Kxe7 26. Kf2 Kf6 27. Bb4 Ke7 28. Kf3 g6 29. h3 Bd7 30. Bd2 g5 1/2-1/2

[Event "Olympiad Women 2024"]
[Site "Budapest HUN"]
[Date "2024.09.22"]
[Round "11.50"]
[Board "1"]
[White "Feng, Eunice"]
[Black "Camp, Imogen A L"]
[Result "1-0"]
[WhiteElo "1974"]
[BlackElo "1923"]
[PlyCount "95"]
[EventDate "2024.09.11"]
[WhiteTeam "Hong Kong, China"]
[BlackTeam "Wales"]
[BlackTeamCountry "WLS"]

1. e4 e5 2. Bc4 Nf6 3. d3 Bc5 4. Nf3 Nc6 5. c3 d6 6. O-O a5 7. Nbd2 O-O 8. h3 h6 9. Re1 Be6 10. Bb3 ({RR} 10. Bb5 Nd7 11. Nf1 d5 12. Be3 dxe4 13. dxe4 Qe7 14. Qe2 Rfd8 15. Red1 a4 16. Qc2 a3 17. b4 Bd6 18. N1d2 Nb6 19. Bxb6 cxb6 20. Bc4 Rdc8 21. Qd3 Nd8 22. Bxe6 Qxe6 23. Nf1 Bf8 24. Ne3 f6 {1-0 So,W (2776)-Radjabov,T (2753) Norway Chess 10th 2022 (1)}) 10... Bxb3 11. axb3 Re8 12. Nf1 Ne7 $146 ({RR} 12... d5 13. Qc2 dxe4 14. dxe4 Qd7 15. Be3 Bf8 16. Ng3 Qe6 17. Red1 g6 18. Nd2 Red8 19. Nc4 b6 20. Na3 Na7 21. c4 Nd7 22. Rd2 Nc5 23. Rad1 Rxd2 24. Rxd2 Nc6 25. Nb5 Rc8 26. Nc3 Nb4 27. Qd1 {½-½ Papadopoulos,I (2143)-Bracker,F (2306) 34th Staufer-Open 2024 (4.23)}) ({RR} 12... d5 13. Ng3 Qd7 14. Nxe5 Nxe5 15. d4 Nxe4 16. Nxe4 dxe4 17. dxe5 Qf5 18. Qe2 Qxe5 19. Ra4 f5 20. Bf4 Qxf4 21. Qc4+ Kh7 22. Qxc5 b6 23. Qe3 Qxe3 24. Rxe3 Rad8 25. Re2 Rd1+ 26. Kh2 Red8 27. b4 {0-1 Subhayan,K (2327)-Koustav,C (2513) Raipur Chhattisgarh 2022 (6)}) 13. Ng3 Ng6 14. d4 exd4 15. cxd4 Bb4 16. Re2 c6 17. Qd3 Qd7 18. h4 Qg4 19. Nh2 Qxh4 20. Qf3 d5 21. e5 Nh7 22. Nf5 Qd8 23. Bxh6 Nh4 24. Nxh4 Qxh4 25. Bf4 Ng5 26. Bxg5 Qxg5 27. Qd3 Re6 28. Re3 Rae8 29. Rf1 Qf4 30. g3 Qh6 31. f4 Qh7 32. Qxh7+ Kxh7 33. f5 Rh6 34. Ng4 Rh5 35. Kg2 c5 36. Rd3 Rd8 37. Ne3 g6 38. dxc5 gxf5 39. Nxd5 Rc8 40. Nf6+ Kg6 41. Nxh5 Kxh5 42. Rxf5+ Kg6 43. Rf6+ Kg5 44. Rxf7 Rxc5 45. Re3 Rc2+ 46. Kf3 Bc5 47. Re2 Rc1 48. Rxb7 1-0